000 00430nam a2200145 i 4500
001 85426
003 ES-MaACL
007 t|
008 041129s1912 xxu ||||1| eng d
100 1 _aJoyce, Thomas A.
_967081
245 1 0 _aSouth american archeology /
_cby Thomas A. Joyce.
260 _aNew York :
_bG.P. Putnam's Sons,
_c1912 (
_ePlymouth :
_fBrendon)
300 _aXV, 292 p., 26 lám. ;
_c22 cm.
852 _aES-MaACL
_jG-5379
999 _c85426
_d85426